000 00304nam a2200133Ia 4500
008 230627s9999 xx 000 0 und d
041 _aeng
082 _a343.099
_bAHM
100 _aAhmad F.
245 _aCyber Law In India
250 _a3ed.
260 _bAllahabad Law Agency
_c2008
300 _a622p
999 _c679128
_d679128